Guess the Taylor Swift by the opposite titles - Statistics

General Stats
  • This quiz has been taken 1,571 times
  • The average score is 10 of 15
Answer Stats
Hint Answer % Correct
Dirty Clean
98%
Nice winter Cruel summer
92%
Go go go Stay stay stay
91%
Sour everything Sweet nothing
88%
Standing with our feet free Dancing with our hands tied
84%
Suit Dress
82%
Wine solution Champagne problems
80%
Change ugly Stay beautiful
80%
Happy ugly comical Sad beautiful tragic
71%
Most normal nightmares Wildest dreams
67%
Unbeloved writer Dear reader
50%
Real mortal False god
42%
1/7 seven
42%
Exorcised Haunted
29%
Remain Change
26%
No matching quizzes found
Score Distribution
Percent of People with Each Score
Percentile by Number Answered
Your Score History
You have not taken this quiz